000 00528nam a2200205Ia 4500
005 20250923145919.0
008 008 250917s9999 xx 000 0 eng d
037 _aTextual
040 _aDSWL
_beng
_cDSWL
041 _aeng
_2eng
084 _aYx2'C, N95
_qDSWL
100 _aDas, Veena
_9840232
245 0 _aCritical events
_c by Veena Das
260 _aDelhi
_bO.U.P.
_c1995
300 _a230p.
365 _aINR
_b325.00
925 _g325.00
942 _cTEXL
_hYx2'C, N95
999 _c1457274
_d1457274